Governors of Washington - Statistics

General Stats
  • This quiz has been taken 4 times
  • The average score is 14 of 24
Answer Stats
Hint Answer % Correct
2025- Bob Ferguson
100%
2013-2025 Jay Inslee
100%
2005-2013 Christine Gregoire
75%
1997-2005 Gary Locke
75%
1905-1909 Albert E. Mead
50%
1957-1965 Albert Rosellini
50%
1941-1945 Arthur B. Langlie
50%
1949-1957 Arthur B. Langlie
50%
1985-1993 Booth Gardner
50%
1933-1941 Clarence D. Martin
50%
1965-1977 Daniel J. Evans
50%
1977-1981 Dixy Lee Ray
50%
1889-1893 Elisha P. Ferry
50%
1913-1919 Ernest Lister
50%
1901-1905 Henry McBride
50%
1893-1897 John McGraw
50%
1897-1901 John Rankin Rogers
50%
1981-1985 John Spellman
50%
1919-1925 Louis F. Hart
50%
1909-1913 Marion E. Hay
50%
1993-1997 Mike Lowry
50%
1945-1949 Monrad Wallgren
50%
1925-1933 Roland H. Hartley
50%
1909 Samuel G. Cosgrove
50%
No matching quizzes found
Score Distribution
Percent of People with Each Score
Percentile by Number Answered
Your Score History
You have not taken this quiz